Od tranzistora k integrovanému obvodu : (kapitoly z dejín česko-slovenskej mikroelektroniky) /

Na minha lista:
Detalhes bibliográficos
Outros Autores: Luby, Štefan (Editor), Bezák, Vladimír (Reviewer), Vajda, Ján, 1950- (Reviewer)
Formato: Livro
Publicado em: Bratislava : Veda, 2018
Edição:1. vyd.
Tags: Adicionar Tag
Sem tags, seja o primeiro a adicionar uma tag!

MARC

LEADER 00000nam a22000003a 4500
001 0071638
003 SK-STU
005 20190304110350.8
007 ta
008 190211s ----xo-----e------000-0-----d
020 |a 978-80-224-1675-7 
040 |a STU  |b slo 
041 0 |b slo 
044 |a xo 
080 |a 621.38 
100 1 |a Luby, Štefan  |4 edt 
245 1 0 |a Od tranzistora k integrovanému obvodu :  |b (kapitoly z dejín česko-slovenskej mikroelektroniky) /  |c edt. Štefan Luby 
250 |a 1. vyd. 
260 |a Bratislava :  |b Veda,  |c 2018 
300 |a 223 s. 
700 1 |a Bezák, Vladimír  |4 rev 
700 1 |a Vajda, Ján,  |d 1950-  |u 036000  |r Z1  |4 rev  |U FEI Fakulta elektrotechniky a informatiky  |T FEI Ústav jadrového a fyzikálneho inžinierstva  |X 1795  |U E060  |Y 817  |7 A000001795 
996 |b 284EK90000  |c E* 90000  |l EE01  |s A  |a 24  |w 0071638_0001